| 000 | 01022cab a2200253 4500 | ||
|---|---|---|---|
| 001 | ABS46947 | ||
| 008 | 090401t1992 xxu||||| |||| 00| 0 eng d | ||
| 035 | _a(Sirsi) u60194 | ||
| 041 | _aeng | ||
| 100 | _aBecker, F. | ||
| 245 | _aManaging space efficiently: non-territorial and universal plan offices | ||
| 260 | _c1992 | ||
| 350 | _a0 | ||
| 490 |
_aProperty Management _v10(3) Summer 1992, 231-240(10) |
||
| 520 | _aCompares the implementation process, design and layout, communications, costs and benefits and employee satisfaction of non-territorial offices, where individuals do not have their own desks and universal footprint arrangements, where workstations are allocated according to rank. | ||
| 650 | _aCORNELL UNIVERSITY INTERNATIONAL FACILITY MANAGEMENT PROGRAM | ||
| 650 |
_aFACILITIES MANAGEMENT _96240 |
||
| 650 | _aNON-TERRITORIAL OFFICES | ||
| 650 | _aSPACE MANAGEMENT | ||
| 650 | _aUNIVERSAL OFFICES | ||
| 690 | _aOFFICE SERVICES AND ADMINISTRATION | ||
| 942 | _n0 | ||
| 948 | _c04/03/1997 | ||
| 999 |
_c37085 _d37085 |
||